| 000 | 02426nam a22003614a 4500 | ||
|---|---|---|---|
| 001 | ebr10284077 | ||
| 003 | CaPaEBR | ||
| 006 | m u | ||
| 007 | cr cn||||||||| | ||
| 008 | 051121s2006 nju sb 001 0 eng | ||
| 010 | _z 2005034091 | ||
| 015 |
_aGBA659140 _2bnb |
||
| 016 | 7 |
_z013504747 _2Uk |
|
| 020 | _z0691126593 (alk. paper) | ||
| 020 | _z9780691126593 (alk. paper) | ||
| 040 |
_aCaPaEBR _cCaPaEBR |
||
| 035 | _a(OCoLC)367664838 | ||
| 050 | 1 | 4 |
_aML1255 _b.B68 2006eb |
| 082 | 0 | 4 |
_a784.2/18409034 _222 |
| 100 | 1 | _aBonds, Mark Evan. | |
| 245 | 1 | 0 |
_aMusic as thought _h[electronic resource] : _blistening to the symphony in the age of Beethoven / _cMark Evan Bonds. |
| 260 |
_aPrinceton, N.J. : _bPrinceton University Press, _cc2006. |
||
| 300 | _axx, 169 p. | ||
| 504 | _aIncludes bibliographical references (p. [153]-166) and index. | ||
| 505 | 0 | _aPrologue. An unlikely genre : the rise of the symphony -- Listening with imagination : the revolution in aesthetics. From Kant to Hoffmann ; Idealism and the changing perception of perception ; Idealism and the new aesthetics of listening -- Listening as thinking : from rhetoric to philosophy. Listening in a rhetorical framework ; Listening in a philosophical framework ; Art as philosophy -- Listening to truth : Beethoven's Fifth Symphony. The infinite sublime ; History as knowing ; The synthesis of conscious and unconscious ; Organic coherence ; Beyond the sublime -- Listening to the aesthetic state : cosmopolitanism. The communal voice of the symphony ; The imperatives of individual and social synthesis ; The state as organism ; Schiller's idea of the aesthetic state ; Goethe's pedagogical province -- Listening to the German State : nationalism. German nationalism ; The symphony as a 'German' genre ; The performance politics of the music festival ; The symphony as democracy -- Epilogue. Listening to form : the refuge of absolute music. | |
| 533 |
_aElectronic reproduction. _bPalo Alto, Calif. : _cebrary, _d2013. _nAvailable via World Wide Web. _nAccess may be limited to ebrary affiliated libraries. |
||
| 650 | 0 |
_aSymphony _y19th century. |
|
| 650 | 0 | _aMusic appreciation. | |
| 650 | 0 |
_aMusic _xPhilosophy and aesthetics. |
|
| 655 | 7 |
_aElectronic books. _2local |
|
| 710 | 2 | _aebrary, Inc. | |
| 856 | 4 | 0 |
_uhttp://site.ebrary.com/lib/rucke/Doc?id=10284077 _zAn electronic book accessible through the World Wide Web; click to view |
| 999 |
_c2512 _d2512 |
||